000 00716nam a2200205 i 4500
001 72198
003 ES-MaACL
005 20251005063051.0
007 t|
008 040827s1951 ag ||||1| spa d
100 1 _aGilson, Étienne,
_d1884-1978
_957015
245 1 3 _aEl Tomismo
_b: introducción de Santo Tomás de Aquino /
_cEtienne Gilson ; [versión castellana de Alberto Oteiza Quirnos].
250 _a[5ª ed.].
260 _aBuenos Aires :
_bDesclée de Brouwer,
_c[1951] (
_fSebastián de Amorrortu)
300 _a561 p. ;
_c23 cm.
600 0 4 _aTomás de Aquino,
_cSanto
_9110514
700 1 _aOteiza Quirnos, Alberto.
_987872
852 _aES-MaACL
_jD-7795
_bR.32199
999 _c72198
_d72198